| 000 | 00777cam a22002294a 4500 | ||
|---|---|---|---|
| 001 | 12895734 | ||
| 005 | 20121213103731.0 | ||
| 008 | 020815s2003 gw a b 001 0 eng | ||
| 020 | _a3540429921 (alk. paper) | ||
| 020 | _a9783540429920 | ||
| 082 | 0 | 0 |
_a624.17713 _222 _bBEN |
| 100 | 1 |
_aBendsoe, Martin P. _931677 |
|
| 245 | 1 | 0 |
_aTopology optimization : _btheory, methods, and applications / _cM.P. Bendsoe, O. Sigmund. |
| 260 |
_aBerlin ; _aNew York : _bSpringer, _c2003. |
||
| 300 |
_axiv, 370 p. : _bill. ; _c24 cm. |
||
| 504 | _aIncludes bibliographical references (p. [319]-354) and index. | ||
| 650 | 0 |
_aStructural optimization. _927636 |
|
| 650 | 0 |
_aTopology. _931678 |
|
| 653 |
_bEle _cDecember2012 |
||
| 700 | 1 |
_aSigmund, O. _q(Ole), _d1966- _931679 |
|
| 942 |
_2ddc _cBB |
||
| 999 |
_c17132 _d17104 |
||